Machine drawing (Record no. 14788)
[ view plain ]
| 000 -LEADER | |
|---|---|
| fixed length control field | 00379nam a22001577a 4500 |
| 020 ## - INTERNATIONAL STANDARD BOOK NUMBER | |
| ISBN | 9788122419177 |
| 082 ## - DEWEY DECIMAL CLASSIFICATION NUMBER | |
| Classification number | 604 |
| Item number | NAR/MA |
| 100 ## - MAIN ENTRY--AUTHOR NAME | |
| Personal name | Narayana, K.L |
| 245 ## - TITLE STATEMENT | |
| Title | Machine drawing |
| 250 ## - EDITION STATEMENT | |
| Edition statement | 3rd |
| 260 ## - PUBLICATION, DISTRIBUTION, ETC. (IMPRINT) | |
| Place of publication | New Delhi |
| Name of publisher | New Age International Publishers |
| Year of publication | 2006 |
| 300 ## - PHYSICAL DESCRIPTION | |
| Number of Pages | 451p |
| 700 ## - ADDED ENTRY--PERSONAL NAME | |
| Personal name | Kannaiah. P |
| 700 ## - ADDED ENTRY--PERSONAL NAME | |
| Personal name | Reddy, Venkata K |
| 942 ## - ADDED ENTRY ELEMENTS (KOHA) | |
| Koha item type | Books |
| Withdrawn status | Lost status | Damaged status | Home library | Current library | Shelving location | Date acquired | Cost, normal purchase price | Full call number | Accession Number | Koha item type |
|---|---|---|---|---|---|---|---|---|---|---|
| KAUAET | KAUAET | Scheme | 24/03/2017 | 250.00 | 604 NAR/MA | BB 437 | Book Bank scheme for SC students | |||
| KAUAET | KAUAET | Scheme | 24/03/2017 | 250.00 | 604 NAR/MA | BB 438 | Book Bank scheme for SC students |
